007060000a220009700045001000020000002450051000203000037000715200453001086500012005617730035005731 aBhakiaraj, Paul10aNew faces of the church: an indian case study. aVo.34, no.1 (jun., 2010),p.79-83 aMatta, pitta, gurú, devam", es una palabra a menudo la máxima en la India. Simplemente significa, "madre, padre, maestro, Dios", y significa el orden de prioridad que muchos adoptan en sus vidas. En el punto de vista indígena de la vida, la fidelidad a la familia y a la comunidad es de suma importancia. No sólo es el fundamento de la vida como se conoce en el presente, sino que también representa la ruta de la vida aquí en adelante.14aCULTURA0 tEvangelical Review of Theology